| 000 | 00848nam a22002537a 4500 | ||
|---|---|---|---|
| 999 |
_c13305 _d13305 |
||
| 003 | MIRAKIL | ||
| 005 | 20190614111421.0 | ||
| 008 | 190614b tu ||||| |||| 00| 0 tur d | ||
| 020 | _a9786053321132 | ||
| 040 |
_aTR-AnCHP _cTR-AnCHP |
||
| 041 | _atur | ||
| 082 |
_a700.1 _bK84b 2014 |
||
| 100 | 1 | _aKula, Onur Bilge | |
| 245 | 1 | 0 |
_aBrecht, Lukacs, Bloch sanat ve edebiyat / _cOnur Bilge Kula. |
| 260 |
_aİstanbul : _bTürkiye İş Bankası Kültür yayınları, _c2014. |
||
| 300 |
_axxı, 732 s.: _c23 sm. |
||
| 490 | 0 |
_aTürkiye İş Bankası Kültür Yayınları; _vGenel yayın: 2991. |
|
| 504 | _aDizin vardır. | ||
| 600 | 1 | 4 |
_91468 _aBrecht, Bertolt _cAlman şair _d1898-1956 |
| 600 | 1 | 4 |
_92889 _aLukacs, Georg _cFilozof _d1885-1971 |
| 600 | 0 |
_95799 _aBloch, Ernest _d1880-1959 |
|
| 650 | 0 |
_95800 _aSanat ve edebiyat |
|
| 942 |
_2ddc _cBKS |
||